000 01020nam a22002537a 4500
005 20240530110629.0
008 170111s2015 ua a g b 000 0 ara d
017 _a2015/3149
_bمصر. دار الكتب
020 _a9789772739332
040 _aEG-CaGPL
_cEG-CaGPL
082 0 4 _221
_a155.916\
_bس م
100 0 _aسمية طه جميل
245 1 0 _aمدخل للاعاقة العقلية و الاضطرابات النمائية /
_cسمية طه جميل
260 _aالاسكندرية :
_bدار المعرفة الجامعية ،
_c2015.
300 _a187 ص. :
_bجداول ؛
_c24 سم.
504 _aيشتمل على ارجاعات ببليوجرافية
650 0 7 _2qrmak
_aالاطفال المعوقون
_xعلم نفس
650 0 7 _2qrmak
_aضعاف العقول
_xعلم نفس
650 0 7 _2qrmak
_aضعاف العقول
_xتعليم
650 0 7 _2qrmak
_aضعاف العقول
_xرعاية و علاج
651 _2qrmak
942 _2ddc
_cBK
999 _c63209
_d63209